| 000 | 00650nam a22001817a 4500 | ||
|---|---|---|---|
| 003 | BUBTL | ||
| 008 | 190430b xxu||||| |||| 00| 0 eng d | ||
| 020 | _a984-8324-99-6 | ||
| 082 | _a891.443 / MOT | ||
| 100 |
_92313 _aমল্লর্বমণ, অদ্বৈত |
||
| 245 |
_aতিতাস একটি নদীর নাম / _cঅদ্বৈত মল্লর্বমণ |
||
| 260 |
_aঢাকা : _bতিশা বুক ট্রেড, _cc2012 |
||
| 300 |
_a208 p. : _c22 cm. |
||
| 650 | 0 |
_91755 _aমুক্তিযুদ্ধ |
|
| 856 |
_k0 _l0 _yDownload |
||
| 942 |
_2ddc _cBK |
||
| 999 |
_c6011 _d6011 |
||